00493 2200193 4500001002100000005001500021035002000036245007800056100002100134250000600155300003100161700001200192260003400204082001000238084001600248020000600264650001200270990001700282INLIS00000000000135520190920121903 a0010-09190000591 aPutri Duyung dan Dongeng Lainnya /cMB. Rahimsyah.AR; Ilustrator, Ir Anam0 aMB. Rahimsyah.AR a- a64 hlm. :bilus. ;c21 cm.0 aIr Anam aSurabaya :bSerba Jaya,c2011 a398.2 a398.2 RAH p a- aDongeng a04698/H/2018